| 000 | 01007nam a2200289 a 4500 | ||
|---|---|---|---|
| 001 | 1189 | ||
| 003 | BR-CuiBMT | ||
| 005 | 20231216011136.0 | ||
| 008 | 231130s2017 mtba 000 0 por d | ||
| 020 | _a9788532706096 | ||
| 040 |
_aBR-CuiBMT _cBR-CuiBMT |
||
| 080 |
_a37.018.43 _22007 |
||
| 090 |
_a37.018.43 _bI35 |
||
| 245 | 0 | 1 |
_a[In]formação em cidadania e controle social / _cCassyra L. Vuolo, Cristiano Maciel, Alexandre M. dos Anjos (organizadores). |
| 246 | _aInformação em cidadania e controle social | ||
| 260 |
_aCuiabá : _bEdufmt, _c2017. |
||
| 300 |
_a387 p. : _bil. ; _c21 cm |
||
| 490 | 1 |
_aColeção educação a distância ; _v13 |
|
| 504 | _aInclui bibliografia. | ||
| 650 |
_aEducação a distância _zMato Grosso |
||
| 650 |
_aControle social _zMato Grosso |
||
| 700 |
_aVuolo, Cassyra Lucia Correa Barros _4Org. |
||
| 700 |
_aMaciel, Cristiano _4Org. |
||
| 700 |
_aAnjos, Alexandre Martins dos _4Org. |
||
| 830 |
_aEducação a distância (EdUFMT) _v13 |
||
| 942 |
_2udc _cLV |
||
| 999 |
_c1189 _d1189 |
||